书目信息 |
| 题名: |
生物质热解气化原理与技术
|
|
| 作者: | 张晓东 , 孙立 编著 | |
| 分册: | ||
| 出版信息: | 北京 化学工业出版社 2013.4 |
|
| 页数: | 309页 | |
| 开本: | 26cm | |
| 丛书名: | ||
| 单 册: | ||
| 中图分类: | TK6 | |
| 科图分类: | ||
| 主题词: | 生物能--热解气化 | |
| 电子资源: | ||
| ISBN: | 978-7-122-15890-1 | |
| 000 | 01048nam0 2200253 45 | |
| 001 | 1360578093 | |
| 005 | 20130530165838.84 | |
| 010 | @a978-7-122-15890-1@dCNY85.00 | |
| 100 | @a20130513d2013 em y0chiy0121 ea | |
| 101 | 0 | @achi |
| 102 | @aCN@b110000 | |
| 105 | @aak a 000yy | |
| 106 | @ar | |
| 200 | 1 | @a生物质热解气化原理与技术@ASheng Wu Zhi Re Jie Qi Hua Yuan Li Yu Ji Shu@f孙立, 张晓东编著@FSun Li , Zhang Xiao Dong Bian Zhu |
| 210 | @a北京@c化学工业出版社@d2013.4 | |
| 215 | @a309页@c图@d26cm | |
| 320 | @a有书目 | |
| 330 | @a本书深入地介绍了生物质热解气化原理和技术, 内容包括: 生物质热解气化的基本概念, 生物质原料特性和生物质燃料化学, 生物质热解原理与过程, 生物质慢速热解、常速热解、快速热解技术和应用, 生物质气化原理与过程, 固定床气化炉和流化床气化炉, 生物质燃气净化, 生物质燃气热应用和气化发电技术, 发展中的生物质热解气化技术。 | |
| 606 | 0 | @a生物能@x热解气化 |
| 690 | @aTK6@v5 | |
| 701 | 0 | @a张晓东@AZhang Xiao Dong@4编著 |
| 701 | 0 | @a孙立@ASun Li@4编著 |
| 801 | @aCN@bTANGWEI@c20130523 | |
| 905 | @b0835722-24@dTK6@e117@f3 | |
| 生物质热解气化原理与技术/孙立, 张晓东编著.-北京:化学工业出版社,2013.4 |
| 309页:图;26cm |
| ISBN 978-7-122-15890-1:CNY85.00 |
| 本书深入地介绍了生物质热解气化原理和技术, 内容包括: 生物质热解气化的基本概念, 生物质原料特性和生物质燃料化学, 生物质热解原理与过程, 生物质慢速热解、常速热解、快速热解技术和应用, 生物质气化原理与过程, 固定床气化炉和流化床气化炉, 生物质燃气净化, 生物质燃气热应用和气化发电技术, 发展中的生物质热解气化技术。 |
| ● |
| 相关链接 |
|
|
|
|
正题名:生物质热解气化原理与技术
索取号:TK6/117
 
预约/预借
| 序号 | 登录号 | 条形码 | 馆藏地/架位号 | 状态 | 备注 |
| 1 | 0835722 | 208357222 | 第二样本阅览室/ [索取号:TK6/117] | 在馆 | |
| 2 | 0835723 | 208357231 | 第三借阅区/ [索取号:TK6/117] | 在馆 | |
| 3 | 0835724 | 208357240 | 第三借阅区/ [索取号:TK6/117] | 在馆 |